| 000 -CABECERA |
| Longitud fija campo de control |
00481nam a2200169 a 4500 |
| 001 - NÚMERO DE CONTROL |
| Número de control |
58 |
| 003 - IDENTIFICADOR DEL NÚMERO DE CONTROL |
| Identificador del número de control |
CDMR |
| 005 - FECHA Y HORA DE LA ÚLTIMA TRANSACCIÓN |
| Fecha y hora de la última transacción |
20130515102724.0 |
| 008 - CÓDIGOS DE INFORMACIÓN DE LONGITUD FIJA |
| Códigos de información de longitud fija |
130130s2002||||||||||||||||||||||||||||d |
| 040 ## - FUENTE DE LA CATALOGACIÓN |
| Centro catalogador de origen |
CDMR |
| Lengua de catalogación |
cat |
| Centro transcriptor |
CDMR |
| 100 1# - PUNTO DE ACCESO PRINCIPAL-NOMBRE DE PERSONA |
| Nombre de persona |
Sarrats i Ferrés, Marçal |
| 9 (RLIN) |
64 |
| 245 10 - MENCIÓN DE TÍTULO |
| Título |
25 anys llegint en català, 25 anys del diari Avui |
| Resto del título |
: història del diari Avui (1976-2001) |
| 260 ## - PUBLICACIÓN, DISTRIBUCIÓN, ETC. (PIE DE IMPRENTA) |
| Lugar de publicación, distribución, etc. |
Barcelona |
| Fecha de publicación, distribución, etc. |
2002 |
| 300 ## - DESCRIPCIÓN FÍSICA |
| Extensión |
114p ; |
| Dimensiones |
28 cm |
| 610 2# - PUNTO DE ACCESO ADICIONAL DE MATERIA - NOMBRE DE ENTIDAD CORPORATIVA |
| 9 (RLIN) |
222 |
| Nombre de entidad corporativa o nombre de jurisdicción como elemento inicial |
Avui (Diari) |
| Subdivisió,n de materia general |
Història |
| 942 ## - ENTRADA DE ELEMENTOS AGREGADOS (KOHA) |
| Koha [por defecto] tipo de item |
Monografies |
| Fuente de clasificaión o esquema |
|